Aprenda microsoft visual basic 6.0 ya
שמור ב:
| מחבר ראשי: | |
|---|---|
| פורמט: | ספר |
| שפה: | ספרדית |
| יצא לאור: |
Madrid
McGraw Hill
1999
|
| נושאים: | |
| תגים: |
הוספת תג
אין תגיות, היה/י הראשונ/ה לתייג את הרשומה!
|
MARC
| LEADER | 00000nam a2200000 a 4500 | ||
|---|---|---|---|
| 001 | UCP4687 | ||
| 003 | CL-VaPUC | ||
| 008 | 990813e19990000SP |||||||||||||||||spa|d | ||
| 082 | 0 | 4 | |a 005.133 |b HAL |2 21 |
| 100 | 0 | |a Halvorson, Michael |e author |9 432371 | |
| 245 | 1 | 0 | |a Aprenda microsoft visual basic 6.0 ya |
| 300 | |a 619 p | ||
| 942 | |c BK | ||
| 945 | |d 19990813 00:00:00 |a rbrito | ||
| 260 | |a Madrid |b McGraw Hill |c 1999 | ||
| 650 | 0 | |a Lenguajes de programación |9 259458 | |
| 650 | 0 | |a Visual Basic |9 333464 | |
| 650 | 7 | |a INTERFAZ |2 CL-VaPUC |9 432372 | |
| 650 | 0 | |a Bases de datos |9 260577 | |
| 650 | 7 | |a BASIC |2 CL-VaPUC |9 259771 | |
| 583 | |a last modification |c 20190713 21:45:21 |k Rodrigo Vera | ||
| 999 | |c 282589 |d 282587 | ||
| 952 | |0 0 |1 2 |4 0 |6 005_133000000000000_HAL_1999 |7 0 |8 P |9 324539 |a BIBING |b BIBING |d 2019-11-20 |i 3548775 |o 005.133 HAL 1999 |p 3548775 |r 2019-11-20 |w 2019-11-20 |y BK |k CCI | ||